Stakeholder manažment – neoddeliteľná súčasť zodpovedného podnikania

Príspevok poukazuje na význam stakeholder manažmentu v kontexte s uplatňovaním spoločensky zodpovedného podnikania v organizáciách. Zameriava sa na dve základné zložky stakeholder manažmentu a to na identifikáciu a klasifikáciu stakeholderov a ich následného zapojenia. Podrobná identifikácia a klasi...

Full description

Saved in:
Bibliographic Details
Main Author: Drieniková, Katarína
Other Authors: Sakál, Peter
Format: Book Chapter
Language:Slovak
Subjects:
Tags: Add Tag
No Tags, Be the first to tag this record!

MARC

LEADER 00000nla$a2200000$$$4500
001 0142401
005 20221103134636.8
041 0 |a slo 
044 |a SK 
245 1 0 |a Stakeholder manažment – neoddeliteľná súčasť zodpovedného podnikania  |c Katarína Drieniková, Peter Sakál 
520 |a Príspevok poukazuje na význam stakeholder manažmentu v kontexte s uplatňovaním spoločensky zodpovedného podnikania v organizáciách. Zameriava sa na dve základné zložky stakeholder manažmentu a to na identifikáciu a klasifikáciu stakeholderov a ich následného zapojenia. Podrobná identifikácia a klasifikácia je významnou a nevyhnutnou pomôckou pri implementácii CSR, pretože práve stakeholderi zohrávajú kľúčovú úlohu pri uplatňovaní spoločensky zodpovedného podnikania. Zapojenie stakeholderov do podnikových aktivít týkajúcich sa zodpovedného podnikania, ktoré prináša benefity napríklad pri riadení rizík či inovácií prostredia je založené na PDCA cykle. 
610 2 0 |a stakeholder 
610 2 0 |a manažment 
610 2 0 |a riadenie podnikové 
610 2 0 |a podnikanie zodpovedné 
610 2 0 |a zodpovednosť spoločenská 
100 1 |a Drieniková, Katarína 
700 1 |a Sakál, Peter